| 000 | 00573nam a22001817a 4500 | ||
|---|---|---|---|
| 008 | 171114b xxu||||| |||| 00| 0 eng d | ||
| 020 | _a971-65-026-5 | ||
| 082 |
_21992 _aDC 620.0042 _bH34 |
||
| 100 |
_923272 _aHead, George O., 1945- |
||
| 245 |
_a1000 AutoCAD tips and tricks / _cGeorge O. Head, Jan Doster Head |
||
| 250 | _aThird Edition | ||
| 260 |
_aChapel Hill, NC : _bVentana Press, _cc1992. |
||
| 300 |
_aL, 686 pages: _billustrations; _c21 cm. |
||
| 500 | _aIncludes indexes | ||
| 650 | 0 |
_923273 _aAutoCAD |
|
| 700 |
_923274 _aHead, Jan Doster |
||
| 942 |
_2ddc _cDC |
||
| 999 |
_c7732 _d7732 |
||